| 000 | 00592nam a22002177a 4500 | ||
|---|---|---|---|
| 005 | 20170124110120.0 | ||
| 010 | _a953173 | ||
| 020 |
_c00.00 _a0233970045 |
||
| 035 | _a953173 | ||
| 037 | _bCen Lib/Ret | ||
| 040 |
_aDPL _bEN |
||
| 082 |
_aS _bJON |
||
| 100 |
_aJones, Cordelia _930504 |
||
| 245 |
_aThe view from the window / _cby Cordelia Jones |
||
| 260 |
_bAndre Deutsch _c1978 _aLondon |
||
| 270 |
_bLondon _a105 great russell street |
||
| 300 |
_a143p. _c19cm(Hb) |
||
| 650 |
_aLiterature -- fiction _972384 |
||
| 650 |
_aEnglish stories _926733 |
||
| 942 |
_2ddc _cEN _hS _mJON |
||
| 999 |
_c130963 _d130963 |
||